The organization and accountability of the police

Gespeichert in:  
Bibliographische Detailangaben
1. VerfasserIn: Reiner, Robert (Verfasst von)
Medienart: Druck Aufsatz
Sprache:Englisch
Veröffentlicht: 2002
In: The handbook of the criminal justice process
Jahr: 2002, Seiten: 21-42
Verfügbarkeit prüfen: HBZ Gateway
Schlagwörter:

MARC

LEADER 00000caa a22000002c 4500
001 152578403X
003 DE-627
005 20251222134257.0
007 tu
008 160223s2002 xx ||||| 00| ||eng c
020 |a 0199254605 
035 |a (DE-627)152578403X 
035 |a (DE-576)455784035 
035 |a (DE-599)BSZ455784035 
040 |a DE-627  |b ger  |c DE-627  |e rakwb 
041 |a eng 
100 1 |a Reiner, Robert  |4 aut 
245 1 4 |a The organization and accountability of the police  |c Robert Reiner 
264 1 |c 2002 
336 |a Text  |b txt  |2 rdacontent 
337 |a ohne Hilfsmittel zu benutzen  |b n  |2 rdamedia 
338 |a Band  |b nc  |2 rdacarrier 
650 4 |a Strafverfolgung 
650 4 |a Ermittlungen 
650 4 |a Polizei 
650 4 |a Polizeiarbeit 
651 4 |a England 
651 4 |a Wales 
773 0 8 |i In  |t The handbook of the criminal justice process  |d Oxford : Oxford University Press, 2002  |g (2002), Seite 21-42  |h XXII, 581 S  |w (DE-627)346108764  |w (DE-576)101605552  |z 0199254605  |z 0199253951  |7 nnam 
773 1 8 |g year:2002  |g pages:21-42 
935 |a mkri 
951 |a AR 
ELC |b 1 
LOK |0 000 xxxxxcx a22 zn 4500 
LOK |0 001 2899229850 
LOK |0 003 DE-627 
LOK |0 004 152578403X 
LOK |0 005 20251222134257 
LOK |0 008 160208||||||||||||||||ger||||||| 
LOK |0 040   |a DE-21-110  |c DE-627  |d DE-21-110 
LOK |0 852   |a DE-21-110 
LOK |0 852 1  |m p  |9 00 
LOK |0 935   |a k110 
LOK |0 938   |k p 
LOK |0 939   |a 08-02-16  |b l01 
ORI |a SA-MARC-krimdoka001.raw